000 00609nam a2200193Ia 4500
003 GCL
008 140319s9999 xx 000 0 ara d
040 _aGCL /
_cGCL
082 0 4 _a240
_bص ا
100 1 _aصالح الوردانى
245 1 0 _aاهل السنة شعب الله المختار: دراسة فى فساد عقائد اهل السنة /
_cصالح الوردانى
300 _a261 ص
490 _aالهيئة العامة للاستعلامات
_v0
650 0 4 _aالعقائد
650 0 4 _aتفاسير
650 0 4 _aاهل السنة
650 0 4 _aالقران
942 _2ddc
_cBK
999 _c48157
_d48157